ARRUPE JESUIT UNIVERSITY

CORONAVIRUS -STOP THE SPREAD - CLEAN,DISINFECT,COVER

Human action (Record no. 119922)

MARC details
000 -LEADER
fixed length control field 04409cam a2200661 a 4500
001 - CONTROL NUMBER
control field 10233075
003 - CONTROL NUMBER IDENTIFIER
control field ARRUPE
005 - DATE AND TIME OF LATEST TRANSACTION
control field 20140204165146.0
006 - FIXED-LENGTH DATA ELEMENTS--ADDITIONAL MATERIAL CHARACTERISTICS--GENERAL INFORMATION
fixed length control field m u
007 - PHYSICAL DESCRIPTION FIXED FIELD--GENERAL INFORMATION
fixed length control field cr cn|||||||||
008 - FIXED-LENGTH DATA ELEMENTS--GENERAL INFORMATION
fixed length control field 050830s2007 inu sb 001 0 eng d
010 ## - LIBRARY OF CONGRESS CONTROL NUMBER
Canceled/invalid LC control number 2005025025
020 ## - INTERNATIONAL STANDARD BOOK NUMBER
Cancelled/invalid ISBN 0865976309 (hardcover : 4 volume set : alk. paper)
020 ## - INTERNATIONAL STANDARD BOOK NUMBER
Cancelled/invalid ISBN 9780865976306 (hardcover : 4 volume set : alk. paper)
020 ## - INTERNATIONAL STANDARD BOOK NUMBER
Cancelled/invalid ISBN 0865976317 (pbk. : 4 volume set : alk. paper)
020 ## - INTERNATIONAL STANDARD BOOK NUMBER
Cancelled/invalid ISBN 9780865976313 (pbk. : 4 volume set : alk. paper)
020 ## - INTERNATIONAL STANDARD BOOK NUMBER
Cancelled/invalid ISBN 0865976740 (hardcover : vol 1 : alk. paper)
020 ## - INTERNATIONAL STANDARD BOOK NUMBER
Cancelled/invalid ISBN 9780865976740 (hardcover : vol 1 : alk. paper)
020 ## - INTERNATIONAL STANDARD BOOK NUMBER
Cancelled/invalid ISBN 0865976783 (pbk. : vol 1 : alk. paper)
020 ## - INTERNATIONAL STANDARD BOOK NUMBER
Cancelled/invalid ISBN 9780865976788 (pbk. : vol 1 : alk. paper)
020 ## - INTERNATIONAL STANDARD BOOK NUMBER
Cancelled/invalid ISBN 0865976759 (hardcover : vol 2 : alk. paper)
020 ## - INTERNATIONAL STANDARD BOOK NUMBER
Cancelled/invalid ISBN 9780865976757 (hardcover : vol 2 : alk. paper)
020 ## - INTERNATIONAL STANDARD BOOK NUMBER
Cancelled/invalid ISBN 0865976791 (pbk. : vol 2 : alk. paper)
020 ## - INTERNATIONAL STANDARD BOOK NUMBER
Cancelled/invalid ISBN 9780865976795 (pbk. : vol 2 : alk. paper)
020 ## - INTERNATIONAL STANDARD BOOK NUMBER
Cancelled/invalid ISBN 0865976767 (hardcover : vol 3 : alk. paper)
020 ## - INTERNATIONAL STANDARD BOOK NUMBER
Cancelled/invalid ISBN 9780865976764 (hardcover : vol 3 : alk. paper)
020 ## - INTERNATIONAL STANDARD BOOK NUMBER
Cancelled/invalid ISBN 0865976805 (pbk. : vol 3 : alk. paper)
020 ## - INTERNATIONAL STANDARD BOOK NUMBER
Cancelled/invalid ISBN 9780865976801 (pbk. : vol 3 : alk. paper)
020 ## - INTERNATIONAL STANDARD BOOK NUMBER
Cancelled/invalid ISBN 0865976775 (hardcover : vol 4 : alk. paper)
020 ## - INTERNATIONAL STANDARD BOOK NUMBER
Cancelled/invalid ISBN 9780865976771 (hardcover : vol 4 : alk. paper)
020 ## - INTERNATIONAL STANDARD BOOK NUMBER
Cancelled/invalid ISBN 0865976813 (pbk. : vol 4 : alk. paper)
020 ## - INTERNATIONAL STANDARD BOOK NUMBER
Cancelled/invalid ISBN 9780865976818 (pbk. : vol 4 : alk. paper)
020 ## - INTERNATIONAL STANDARD BOOK NUMBER
Cancelled/invalid ISBN 9781614878377 (e-book)
035 ## - SYSTEM CONTROL NUMBER
System control number (CaPaEBR)ebr10613484
035 ## - SYSTEM CONTROL NUMBER
System control number (NNC)10233075
040 ## - CATALOGING SOURCE
Original cataloging agency CaPaEBR
Transcribing agency CaPaEBR
050 14 - LIBRARY OF CONGRESS CALL NUMBER
Classification number HB171
Item number .V63 2007eb
082 04 - DEWEY DECIMAL CLASSIFICATION NUMBER
Classification number 330
Edition number 22
100 1# - MAIN ENTRY--PERSONAL NAME
Personal name Von Mises, Ludwig,
Dates associated with a name 1881-1973.
9 (RLIN) 7878
245 10 - TITLE STATEMENT
Title Human action
Medium [electronic resource] :
Remainder of title a treatise on economics /
Statement of responsibility, etc Ludwig von Mises ; edited by Bettina Bien Greaves.
260 ## - PUBLICATION, DISTRIBUTION, ETC. (IMPRINT)
Place of publication, distribution, etc Indianapolis :
Name of publisher, distributor, etc Liberty Fund,
Date of publication, distribution, etc c2007.
300 ## - PHYSICAL DESCRIPTION
Extent 4 v. in 1.
490 1# - SERIES STATEMENT
Series statement Liberty fund library of the works of Ludwig von Mises
500 ## - GENERAL NOTE
General note Originally published: 4th rev.ed., Irvington-on-Hudson, N.Y. : Foundation for Economic Education, c1996.
500 ## - GENERAL NOTE
General note In slipcase.
504 ## - BIBLIOGRAPHY, ETC. NOTE
Bibliography, etc Includes bibliographical references and index.
505 0# - FORMATTED CONTENTS NOTE
Formatted contents note Pt. 1. Human action. Acting man -- The epistemological problems of the sciences of human action -- Economics and the revolt against reason -- A first analysis of the category of action -- Time -- Uncertainty -- Action within the world -- Pt. 2. Action within the framework of society. Human society -- The role of ideas -- Exchange within society -- Pt. 3. Economic calculation. Valuation without calculation -- The sphere of economic calculation -- Monetary calculation as a tool of action -- Pt. 4. Catallactics or economics of the market society. The scope and method of catallactics -- The market -- Prices -- Indirect exchange -- Action in the passing of time -- Interest -- Interest, credit expansion, and the trade cycle -- Work and wages -- The nonhuman original factors of production -- The data of the market -- Harmony and conflict of interests -- Pt. 5. Social cooperation without a market. The imaginary construction of a socialist society -- The impossibility of economic calculation under socialism -- Pt. 6. The hampered market economy. The government and the market -- Interference by taxation -- Restriction of production -- Interference with the structure of prices -- Currency and credit manipulation -- Confiscation and redistribution -- Syndicalism and corporativism -- The economics of war -- The welfare principle versus the market principle -- The crisis of interventionism -- Pt. 7. The place of economics in society. The nondescript character of economics -- The place of economics in learning -- Economics and the essential problems of human existence.
533 ## - REPRODUCTION NOTE
Type of reproduction Electronic reproduction.
Place of reproduction Palo Alto, Calif. :
Agency responsible for reproduction ebrary,
Date of reproduction 2011.
Note about reproduction Available via World Wide Web.
-- Access may be limited to ebrary affiliated libraries.
650 #0 - SUBJECT ADDED ENTRY--TOPICAL TERM
Topical term or geographic name as entry element Economics.
9 (RLIN) 7879
650 #0 - SUBJECT ADDED ENTRY--TOPICAL TERM
Topical term or geographic name as entry element Commerce.
9 (RLIN) 7880
655 #7 - INDEX TERM--GENRE/FORM
Genre/form data or focus term Electronic books.
Source of term local
9 (RLIN) 7881
700 1# - ADDED ENTRY--PERSONAL NAME
Personal name Greaves, Bettina Bien.
9 (RLIN) 7882
710 2# - ADDED ENTRY--CORPORATE NAME
Corporate name or jurisdiction name as entry element ebrary, Inc.
9 (RLIN) 7883
800 1# - SERIES ADDED ENTRY--PERSONAL NAME
Personal name Von Mises, Ludwig,
Dates associated with a name 1881-1973.
Title of a work Works.
Date of a work 2005.
9 (RLIN) 7884
856 40 - ELECTRONIC LOCATION AND ACCESS
Uniform Resource Identifier <a href="http://www.columbia.edu/cgi-bin/cul/resolve?clio10233075">http://www.columbia.edu/cgi-bin/cul/resolve?clio10233075</a>
Public note Click here for full text.
942 ## - ADDED ENTRY ELEMENTS (KOHA)
Source of classification or shelving scheme Library of Congress Classification
Koha item type Monograph ( Printed materials)
Holdings
Withdrawn status Lost status Source of classification or shelving scheme Damaged status Not for loan Collection code Home library Current library Shelving location Date acquired Total Checkouts Full call number Barcode Date last seen Price effective from Koha item type
    Library of Congress Classification     Main Collection ARRUPE LIBRARY ARRUPE LIBRARY Main Collection 04/02/2014   HB171 .V63 1966 46412017 23/04/2018 04/02/2014 Monograph ( Printed materials)

 

Arrupe Library. PO Box MP320 Mt Pleasant, Harare, Zimbabwe
263 242 745411|librarian@aju.ac.zw